Sports Quiz

Random Sports or Soccer Quiz

All Bayern Munich players since 2008/09 Quiz Stats

 Plays Quiz not verified by Sporcle

Support Sporcle.
Go Orange.
Score 0/103 Timer 20:00
0 Plays Today
Nationality Name % Correct
FRAFranck Ribery
97.7%
NEDArjen Robben
97.2%
AustriaDavid Alaba
97.2%
GERManuel Neuer
97.1%
GERPhilipp Lahm
96.8%
PolandRobert Lewandowski
96.8%
GERThomas Müller
95.4%
GERJerome Boateng
94.6%
PeruClaudio Pizarro
93.4%
GERBastian Schweinsteiger
93.2%
ESPThiago Alcantara
92.1%
ESPJavi Martínez
91.7%
GERMats Hummels
91.5%
ChileArturo Vidal
88.1%
FRAKingsley Coman
88%
BRARafinha
87.8%
ColombiaJames Rodriguez
87.2%
BelgiumDaniel van Buyten
86.4%
GERJoshua Kimmich
83.3%
ARGMartin Demichelis
82.6%
CroatiaIvan Perisic
82.2%
FRALucas Hernández
82.2%
BRAPhilippe Coutinho
81.7%
CroatiaMario Mandzukic
81.5%
ITALuca Toni
81.2%
CanadaAlphonso Davies
80.6%
GERMario Gomez
80.2%
FRABenjamin Pavard
79.9%
GERMiroslav Klose
79.5%
UkraineAnatoliy Tymoshchuk
78.2%
GERToni Kroos
77.3%
GERSerge Gnabry
77%
GERMario Götze
76.9%
SwitzerlandXherdan Shaqiri
76.9%
BRADante
76.5%
Nationality Name % Correct
GERSven Ulreich
76.2%
TurkeyHamit Altintop
76.1%
NEDMark van Bommel
75.5%
ESPXabi Alonso
74.8%
FRACorentin Tolisso
74.4%
MoroccoMedhi Benatia
74.4%
CroatiaIvica Olic
73.6%
GERLeon Goretzka
71.5%
BRALucio
69.9%
ESPJuan Bernat
69.1%
BRADouglas Costa
68.8%
GERLukas Podolski
67.7%
BRAZe Roberto
67.3%
PORRenato Sanches
66.8%
GERHolger Badstuber
66.5%
GERNiklas Süle
66.4%
GERHans-Jörg Butt
63.6%
NEDJoshua Zirkzee
60.9%
BRALuiz Gustavo
58.3%
GERSandro Wagner
56.6%
CroatiaDanijel Pranjic
55.1%
GERMichael Rensing
54.9%
DenmarkPierre Emile Hojbjerg
52.3%
BRABreno
51.5%
ENGJamal Musiala
50.3%
GERAndreas Ottl
49.7%
GERDiego Contento
49.1%
ITAMassimo Oddo
47.8%
GERTom Starke
47.7%
GERSebastian Rode
47.5%
GERSebastian Rudy
47.2%
NEDEdson Braafheid
47.1%
ESPJose Reina
46.6%
GERChristian Lell
46.3%
USALandon Donovan
46.3%
Nationality Name % Correct
GERThomas Kraft
44.8%
JapanTakashi Usami
42.1%
ARGJose Sosa
40%
USAChris Richards
39.1%
GERLars Lukas Mai
39%
FRAMichael Cuisance
37.9%
New ZealandSarpreet Singh
36.7%
USAJulian Green
36.4%
GEREmre Can
35%
ESPAlvaro Odriozola
34.3%
South KoreaWoo-yeong Jeong
34.3%
AustriaMarco Friedl
31.8%
GhanaKwasi Okyere Wriedt
31.6%
GERGianluca Gaudino
31.2%
GERTim Borowski
29.5%
GERNils Petersen
27.6%
GERJan Kirchhoff
25%
CameroonFranck Evina
23.9%
GERMeritan Shabani
23%
GERMitchell Weiser
22.4%
GERNiklas Dorsch
21.9%
GERSerdar Tasci
21.8%
SerbiaMilos Pantovic
21.3%
GERAndreas Görlitz
19%
GEROliver Batista Meier
17.8%
GERLukas Räder
17.6%
GERLeon Dajaku
17.2%
GERAlexander Baumjohann
16.8%
GERSinan Kurt
16.7%
AustriaYlli Sallahi
13.9%
GERFabian Benko
11.9%
GERLukas Görtler
8.5%
GERRico Strieder
8.3%

You're not logged in!

Compare scores with friends on all Sporcle quizzes.
OR
Log In

From the Vault

Clickable Homophone Pairs

by aaditya08-08-05

If blue whales are sad, do they emit blue wails?
Remove Ads.
Support Sporcle.
Get the best of Sporcle when you Go Orange. This ad-free experience offers more features, more stats, and more fun while also helping to support Sporcle. Thank you for becoming a member.

Show Comments

Extras

Top Quizzes Today


Score Distribution

Your Account Isn't Verified!

In order to create a playlist on Sporcle, you need to verify the email address you used during registration. Go to your Sporcle Settings to finish the process.

Report this User

Report this user for behavior that violates our Community Guidelines.

Details: